Secondary chemistry: (Record no. 7036)

000 -LEADER
fixed length control field 00457nam a2200145 4500
008 - FIXED-LENGTH DATA ELEMENTS--GENERAL INFORMATION
fixed length control field 151002b xxu||||| |||| 00| 0 eng d
020 ## - INTERNATIONAL STANDARD BOOK NUMBER
International Standard Book Number 9789966100528
050 ## - LIBRARY OF CONGRESS CALL NUMBER
Classification number QD 49 .K454 2013
245 ## - TITLE STATEMENT
Title Secondary chemistry:
Remainder of title Form four students' book.
250 ## - EDITION STATEMENT
Edition statement 3rd ed.
260 ## - PUBLICATION, DISTRIBUTION, ETC. (IMPRINT)
Place of publication, distribution, etc. Nairobi;
Name of publisher, distributor, etc. Kenya literature bureau,
Date of publication, distribution, etc. 2013.
300 ## - PHYSICAL DESCRIPTION
Extent xi, 236 p. : ill.
650 ## - SUBJECT ADDED ENTRY--TOPICAL TERM
Topical term or geographic name as entry element KLB Form 4 chemistry.
942 ## - ADDED ENTRY ELEMENTS (KOHA)
Source of classification or shelving scheme
Koha item type Hard Covered Materials
Classification part QD 49 .K454 2013
Koha issues (borrowed), all copies 166
Holdings
Withdrawn status Lost status Source of classification or shelving scheme Damaged status Not for loan Home library Current library Shelving location Date acquired Source of acquisition Total Checkouts Full call number Barcode Date last seen Date last checked out Price effective from Koha item type Total Renewals
          MACHAKOS UNIVERSITY LIBRARY MACHAKOS UNIVERSITY LIBRARY Africana 02/10/2015 Donation(B.F.A) 127 AFR QD 49 .K454 2013 12926 09/03/2026 09/03/2026 02/10/2015 Africana (Books)  
          MACHAKOS UNIVERSITY LIBRARY MACHAKOS UNIVERSITY LIBRARY Africana 02/10/2015 Text book centre. 107 AFR QD 49 .K454 2013 12927 08/06/2026 08/06/2026 02/10/2015 Africana (Books) 1
© Machakos University Library, Along The Highway, Machakos Wote Rd, Machakos, Kenya P.O. Box 136 - 90100 Machakos - Kenya

Tel: ( +254 ) 723 805829 OR Fax : 044-20353 OR Email: library@mksu.ac.ke